000 00612cam a2200217ua 4500
020 _c6.00
041 _aeng
_h
082 _a534
_bCAP/SO
100 _aCapstick, J W .
245 _aSound: An elementary text book for schools and colleges /
_cJ W Capstick.
_hTextual Documents
250 _a1 /
_b.
260 _aCambridge :
_bCambridge University Press ,
_c1954.
300 _a377 :
_b506 ; .
365 _a6.00
440 0 _aCambridge Physical series,
_v
_x;
490 0 _aCambridge Physical series,
_v
_x;
504 _a
700 1 _aMathur, D S .
942 _cBK
999 _c10579
_d10579